Players Who Scored 100 Goals or More in Bundesliga - Statistics

General Stats
  • This quiz has been taken 152 times
  • The average score is 22 of 53
Answer Stats
Position Teams Still Playing? Answer Goals % Correct
1 FC Bayern München No (1965-1979) Gerd Müller 365
98%
2 Borussia Dortmund Not in Germany (2010-2022) Robert Lewandowski 312
98%
20 FC Bayern München Yes (2008-2023) Thomas Müller 139
98%
9 Offenbach, Köln, Werden Bremen No (1973-1986) Dieter Müller 177
97%
17 Borussia Mönchengladbach, Borussia Dortmund Yes (2009-2023 Marco Reus 146
87%
11 Stuttgart, FC Bayern München, Wolfsburg No (2004-2019) Mario Gomez 170
84%
33 Kaiserslautern, Werden Bremen, FC Bayern München No (2000-2011) Miroslav Klose 121
82%
6 Werden Bremen, FC Bayern München, Köln No (1999-2020) Claudio Pizarro 197
81%
13 FC Bayern München No (1974-1984) Karl-Heinz Rummenigge 162
73%
18 Nürnberg, Bayer Leverkusen No (2003-2018) Stefan Kießling 144
70%
21 Hamburg No (1963-1972) Uwe Seeler 137
65%
34 Borussia Mönchengladbach, FC Bayern München No (1979-2000) Lothar Matthäus 121
64%
42 Stuttgart, FC Bayern München No (1984-1997) Jürgen Klinsmann 110
60%
27 FC Bayern München, Stuttgart No (1977-1987) Dieter Hoeneß 127
58%
23 Stuttgart, FC Bayern München, Borussia Mönchengladbach No (1994-2005) Giovane Elber 133
58%
24 TSV 1860 München, Werden Bremen, Bayer Leverkusen No (1980-1996) Rudi Völler 132
58%
4 Borussia Mönchengladbach, Hannover No (1965-1978) Jupp Heynckes 220
56%
3 TSV 1860 München, Schalke 04, Köln, Bochum No (1968-1988) Klaus Fischer 268
54%
28 Aachen, Hoffenheim, Stuttgart, Hertha Berlin, Schalke 04 No (2006-2020) Vedad Ibisevic 127
53%
48 Werden Bremen, Schalke 04, Hamburg, Duisburg No (1998-2007) Ailton 106
49%
7 Bayern Leverkusen No (1990-2003) Ulf Kirsten 181
45%
41 Stuttgart, Schalke 04, Hoffenheim No (2001-2016) Kevin Kuranyi 111
43%
43 Eintracht Frankfurt, Borussia Dortmund, Schalke 04 No (1986-2004) Andreas Möller 110
41%
25 Borussia Dortmund No (1981-1998) Michael Zorc 131
40%
10 Fortuna Düsseldorf, Köln, Werden Bremen No (1975-1993) Klaus Allofs 177
39%
16 Fortuna Düsseldorf, Kaiserslautern, Köln No (1978-1992) Thomas Allofs 148
39%
15 Waldhof Mannheim, Stuttgart, Arminia Bielefeld No (1983-1996) Fritz Walter 157
37%
29 Borussia Mönchengladbach, Schalke 04. TSV 1860 München, Hansa Rostock No (1989-2004) Martin Max 126
37%
46 Stuttgart, Borussia Dortmund, Hannover 96, Hertha Berlin No (1994-2005) Fredi Bobic 108
32%
22 Essen, Hamburg, Borussia Dortmund No (1975-1985) Horst Hrubesch 136
32%
39 Borussia Dortmund No (1963-1969) Lothar Emmerich 115
31%
5 Essen, Borussia Dortmund, Nürnberg, Werden Bremen No (1969-1990) Manfred Burgsmüller 213
31%
47 Borussia Mönchengladbach, Köln, Hertha Berlin, Fortuna Düsseldorf, Eintracht Frankfurt No (1980-1993) Uwe Rahn 107
29%
8 Bochum, Uerdigen, Stuttgart, Saarbrücken No (1973-1986) Stefan Kuntz 179
27%
44 Eintracht Frankfurt No (1965-1980) Jürgen Grabowski 109
26%
49 Uerdingen, Borussia Dortmund No (1991-1999) Stéphane Chapuisat 106
25%
14 Eintracht Frankfurt No (1967-1981) Bernd Hölzenbein 160
24%
52 Werden Bremen No (1989-2002) Marco Bode 101
21%
31 Essen, Borussia Mönchengladbach, Borussia Dortmund, Fortuna Düsseldorf No (1976-1996) Frank Mill 123
19%
35 Duisburg, FC Bayern München, Bochum No (1981-1997) Roland Wohlfarth 120
19%
38 Köln No (1978-1993) Pierre Littbarski 116
17%
19 Eintracht Frankfurt No (1968-1983) Bernd Nickel 141
13%
12 Köln No (1964-1977) Hannes Löhr 166
13%
51 Hamburg, Kaiserslautern, FC Bayern München, Köln, Werden Bremen, Arminia Bielefeld No (1987-2000) Bruno Labaddia 103
12%
26 Stuttgart No (1980-1991) Karl Allgöwer 129
12%
45 Kaiserslautern No (1973-1979) Klaus Toppmöller 108
9%
53 Hamburg, Arminia Bielefeld No (1980-1997) Thomas Von Heesen 100
9%
30 Nürnberg, Hamburg, Stuttgart No (1965-1981) Georg Volkert 125
7%
32 Borussia Mönchengladbach, Werden Bremen, Kaiserslautern No (1965-1974) Herbert Laumen 121
7%
37 Duisburg, Eintracht Braunschweig No (1972-1985) Roland Worm 119
7%
36 Borussia Mönchengladbach, Werden Bremen, Köln No (1965-1974) Bernd Rupp 119
3%
50 Bochum, Bayer Leverkusen, Fortuna Düsseldorf No (1981-1992) Christian Schreier 106
3%
40 Fortuna Düsseldorf, Kaiserslauternq No (1971-1986) Reiner Geyer 113
1%
No matching quizzes found
Score Distribution
Percent of People with Each Score
Percentile by Number Answered
Your Score History
You have not taken this quiz